000 00878nam a2200229Ia 4500
003 BUBTL
008 151213s9999 xx 000 0 und d
041 _aবাংলা ও ইংরেজী
082 _a340/ H7949a/ 2000
100 _aহোসেন, মোঃ আলতাফ
_92369
245 _aএডভোকেটশীপ গাইড/
_cমো: আলতাফ হোসেন, মিসসে নাজনীন হোসেন
250 _a১ম সং
260 _aঢাকা
_bজলি বুক সেন্টারে এবং কামরুল বুক হাউস
_cc2003
300 _a512 p. :
_bill. ; 21 cm
526 _aLaw
650 _aLaw
650 _aLaw
700 _aমিসেস নাজনীন হোসেন
_95766
856 _k0
_l0
_yDownload
942 _2ddc
_cBK
999 _c3146
_d3146